Life as we knew it / (Record no. 3052)

MARC details
000 -LEADER
fixed length control field 01457cam a2200409 a 4500
001 - CONTROL NUMBER
control field 3052
003 - CONTROL NUMBER IDENTIFIER
control field FISKH
005 - DATE AND TIME OF LATEST TRANSACTION
control field 20240201122304.0
008 - FIXED-LENGTH DATA ELEMENTS--GENERAL INFORMATION
fixed length control field 051216s2006 flu c 000 f eng
010 ## - LIBRARY OF CONGRESS CONTROL NUMBER
LC control number 2005036321
020 ## - INTERNATIONAL STANDARD BOOK NUMBER
International Standard Book Number 0152058265 (hardcover)
020 ## - INTERNATIONAL STANDARD BOOK NUMBER
International Standard Book Number 9780152058265
020 ## - INTERNATIONAL STANDARD BOOK NUMBER
International Standard Book Number 9780545039710
035 ## - SYSTEM CONTROL NUMBER
System control number (OCoLC)ocm63705625
035 ## - SYSTEM CONTROL NUMBER
System control number (OCoLC)63705625
037 ## - SOURCE OF ACQUISITION
Source of stock number/acquisition Junior Library Guild
Note http://www.juniorlibraryguild.com
040 ## - CATALOGING SOURCE
Original cataloging agency DLC
Transcribing agency DLC
Modifying agency IG#
-- BAKER
-- XY4
-- YDXCP
-- VP@
-- TEF
-- BTCTA
-- DLC
Language of cataloging eng
042 ## - AUTHENTICATION CODE
Authentication code lcac
-- lcac
050 00 - LIBRARY OF CONGRESS CALL NUMBER
Classification number PZ7.P44855
Item number Lif 2006
082 00 - DEWEY DECIMAL CLASSIFICATION NUMBER
Classification number [Fic]
Edition number 22
100 1# - MAIN ENTRY--PERSONAL NAME
Personal name Pfeffer, Susan Beth,
Dates associated with a name 1948-
245 10 - TITLE STATEMENT
Title Life as we knew it /
Statement of responsibility, etc. Susan Beth Pfeffer.
250 ## - EDITION STATEMENT
Edition statement First Scholastic printing, November 2007
260 ## - PUBLICATION, DISTRIBUTION, ETC.
Place of publication, distribution, etc. New York :
Name of publisher, distributor, etc. Scholastic,
Date of publication, distribution, etc. 2006
300 ## - PHYSICAL DESCRIPTION
Extent 337 pages :
Dimensions 20 cm
520 ## - SUMMARY, ETC.
Summary, etc. Through journal entries sixteen-year-old Miranda describes her family's struggle to survive after a meteor hits the moon, causing worldwide tsunamis, earthquakes, and volcanic eruptions.
650 #0 - SUBJECT ADDED ENTRY--TOPICAL TERM
Topical term or geographic name entry element Natural disasters
Form subdivision Juvenile fiction.
650 #0 - SUBJECT ADDED ENTRY--TOPICAL TERM
Topical term or geographic name entry element Families
Form subdivision Juvenile fiction.
650 #0 - SUBJECT ADDED ENTRY--TOPICAL TERM
Topical term or geographic name entry element Diaries
Form subdivision Juvenile fiction.
650 #0 - SUBJECT ADDED ENTRY--TOPICAL TERM
Topical term or geographic name entry element Science fiction.
650 #1 - SUBJECT ADDED ENTRY--TOPICAL TERM
Topical term or geographic name entry element Natural disasters
Form subdivision Fiction.
650 #1 - SUBJECT ADDED ENTRY--TOPICAL TERM
Topical term or geographic name entry element Family life
Form subdivision Fiction.
650 #1 - SUBJECT ADDED ENTRY--TOPICAL TERM
Topical term or geographic name entry element Diaries
Form subdivision Fiction.
650 #1 - SUBJECT ADDED ENTRY--TOPICAL TERM
Topical term or geographic name entry element Science fiction.
906 ## - LOCAL DATA ELEMENT F, LDF (RLIN)
a 7
b cbc
c orignew
d 1
e ecip
f 20
g y-gencatlg
942 ## - ADDED ENTRY ELEMENTS (KOHA)
Source of classification or shelving scheme Library of Congress Classification
Koha item type Books
Suppress in OPAC No
Holdings
Withdrawn status Lost status Source of classification or shelving scheme Damaged status Not for loan Collection Home library Current library Shelving location Date acquired Total Checkouts Full call number Barcode Date last seen Price effective from Koha item type
    Dewey Decimal Classification     Fiction Footprints International School Library Network Toul Kork Campus Footprints International School Library Network Toul Kork Campus   02/01/2024   PFE Fic PZ7.P44855 FISSE01141 02/01/2024 02/01/2024 Books